Quiz Pokémon en images - 2ème Génération - Statistiques

Statistiques générales
  • Ce quiz a été pris 260 fois
  • Le résultat moyen est 78 sur 100
Statistiques - réponses
Par images Réponse % Correct
Pichu
98%
Noctali
97%
Héricendre
96%
Mentali
95%
Togepi
95%
Capumain
92%
Kaiminus
92%
Marill
92%
Zarbi
92%
Germignon
91%
Celebi
90%
Hoothoot
90%
Lugia
90%
Steelix
90%
Axoloto
89%
Azumarill
89%
Ho-Oh
88%
Nostenfer
88%
Simularbre
88%
Suicune
87%
Démolosse
86%
Entei
86%
Mélo
86%
Typhlosion
86%
Tyranocif
86%
Cornèbre
85%
Mimigal
85%
Aligatueur
84%
Natu
84%
Pharamp
84%
Airmure
83%
Coxy
82%
Écrémeuh
82%
Feuforêve
82%
Girafarig
82%
Lainergie
82%
Limagma
82%
Qulbutoké
82%
Roigada
82%
Xatu
82%
Farfuret
80%
Hyporoi
80%
Maraiste
80%
Porygon2
80%
Scorplane
80%
Ursaring
80%
Cizayox
79%
Méganium
79%
Raikou
79%
Scarhino
79%
Élekid
78%
Fouinette
78%
Noarfang
78%
Teddiursa
77%
Embrylex
76%
Malosse
76%
Wattouat
76%
Yanma
76%
Cotovol
75%
Granivol
75%
Loupio
75%
Insolourdo
74%
Cadoizo
73%
Crocrodil
73%
Feurisson
73%
Magby
73%
Pomdepik
73%
Snubbull
73%
Togetic
73%
Corayon
72%
Macronium
72%
Cerfrousse
71%
Donphan
71%
Joliflor
71%
Marcacrin
71%
Qwilfish
71%
Volcaropod
71%
Ymphect
71%
Granbull
70%
Tarpaud
70%
Coxyclaque
69%
Fouinar
69%
Kapoera
69%
Lippouti
69%
Migalos
69%
Lanturn
68%
Phanpy
68%
Cochignon
67%
Héliatronc
67%
Toudoudou
67%
Floravol
66%
Tournegrin
66%
Démanta
65%
Leuphorie
65%
Octillery
65%
Queulorior
63%
Rémoraid
63%
Debugant
61%
Foretress
61%
Caratroc
60%
Aucun quiz correspondant
Distribution des résultats
% des personnes avec chaque résultat
Percentile par nombre de réponses
Votre historique - résultats
Vous n’avez pas pris ce quiz